Religión, política y sociedad / Rubén Aguilar V., Guillermo Zermeño P., coordinación y compilación

محفوظ في:
التفاصيل البيبلوغرافية
المؤلف الرئيسي: Aguilar V. Rubén (autor)
مؤلفون آخرون: Zermeño P., Guillermo (autor) (autor)
التنسيق: كتاب
الموضوعات:
الوسوم: إضافة وسم
لا توجد وسوم, كن أول من يضع وسما على هذه التسجيلة!

MARC

LEADER 00000nam^a2200000^u^4500
001 000549868
005 20250521000000.0
008 060220s1000^^^^^^^^^^^^r^^^^^000^0^spa^d
009 20260310131522.778
022 |a 9688590916 
035 |a FMI 000019635 
037 |a Acervo Xavier Clavigero 
096 |a 3.5/183/A 
100 |a Aguilar V. Rubén  |e (autor) 
245 1 0 |a Religión, política y sociedad / Rubén Aguilar V., Guillermo Zermeño P., coordinación y compilación 
264 |a México : Universidad Iberoamericana. Departamento de Historia 
300 |a 310 p, 
336 |a texto  |b txt  |2 rdacontenido 
337 |a sin mediación  |b n  |2 rdamedio 
338 |a volumen  |b nc  |2 rdasoporte 
597 |a "El sinarquismo y la Iglesia en México (nueve ensayos)" 
649 |a XX 
650 |a Historia de México \ 2.Sinarquismo \ 3.Historia de la Iglesia 
700 |a Zermeño P., Guillermo  |e (autor) 
910 |a Fondo Francisco Migoya Covarrubias S.J. 
920 |a Impresos - Libros 
930 |a Fondos Especiales 
905 |a 134 
901 |a SBC28622  |b IT2  |c ESP  |u 20250521 
902 |a https://opac.biblio.iteso.mx/vufind/Record/000549868